MARC
| LEADER | 00000cam a2200000 7i4500 | ||
|---|---|---|---|
| 001 | 0000018004 | ||
| 005 | 20061204.0 | ||
| 040 | |a INS | ||
| 090 | 0 | 0 | |a BP175 2003 |
| 245 | 0 | 7 | |a Majlis Sambutan Maal Hijrah 1424 [ |h electronic resource] : |b Kesejahteraan Keluarga Tuntutan Ummah bhg 3 |
| 260 | |a Bangi : |b Inspen , |c 2003 | ||
| 300 | |a video disc(VCD) : |b sd., col. ; |c 12 cm. | ||
| 650 | 0 | 0 | |a Islam |x Rituals |
| 999 | |a VCD0000019 |b DIGITAL VIDEO CD |c Media Collection |e Default branch | ||